000 00729nam a22002177a 4500
003 OSt
008 260629b |||||||| |||| 00| 0 eng d
020 _a9781668447031
082 _a371.19
_bI43R
100 _aIRMA
245 _aResearch Anthology on Service Learning and Community Engagement Teaching Practices /
_cby Information Resources Management Association
260 _a.- USA
_b: IGI Global
_c, 2022
300 _avol.- l, (xxiii,527); vol.- ll, (xxiii,528-1065); vol.- lll, (xxiii,1066-1604)p.
365 _e3vol. Set Price- 91043.55
650 _aSocial Sciences
650 _aEducation
650 _aService Learning
650 _aCommunity and School
650 _aCommunity Engagement
942 _2ddc
_cRFB
999 _c52482
_d52482